| 000 | 01434cam a2200349 a 4500 | ||
|---|---|---|---|
| 005 | 20150925101718.0 | ||
| 008 | 950727m1997 ck a r 00010 spa d | ||
| 015 | _ack-1995-2000 | ||
| 020 | _a9586081257 | ||
| 040 |
_aCO-BoBLA _cCO-BoBLA |
||
| 041 | 0 | _aspa | |
| 043 | _as-ck--- | ||
| 044 | _ack | ||
| 082 | 0 | 4 |
_a574.52 _bC718c |
| 110 | 2 |
_aUniversidad Nacional de Colombia. _bInstituto de Ciencias Naturales. _939742 |
|
| 245 | 1 | 0 |
_aColombia : _bdiversidad biotica II _cUniversidad Nacional de Colombia ; mapas, ilustraciones Mauricio Aguilar-P. |
| 250 | _aEditor J. Orlando Rangel Ch. | ||
| 260 |
_aBogota : _bUniversidad Nacional de Colombia, Inderena, Fundaciones FES, _c1997 |
||
| 300 |
_a432 Paginas: _bilustraciones, mapas ; _c23 cm. |
||
| 504 | _aIncluye bibliografias. | ||
| 505 | 0 | _aTipos de Vegetación en Colombia, la distribución de los tipos de Vegetación en las Regiones Naturales de colombia, Métodos de estudio de la Vegetación en Colombia, | |
| 650 | 4 |
_aTipos de Vegetación _z Colombia. _939743 |
|
| 650 | 4 |
_aDiversidad Vegetacion _z Colombia. _939744 |
|
| 650 | 4 |
_aCaracterización _z Colombia. _939745 |
|
| 650 | 4 |
_aFloristica _z Colombia. _939746 |
|
| 650 | 4 |
_aFisionomia _z Colombia. _939747 |
|
| 700 | 1 |
_aAguilar-P., Mauricio, _eil. _939748 |
|
| 700 | 1 |
_aRangel Ch., J. Orlando, _eed. _939749 |
|
| 740 | 0 | 2 | _aTipos de vegetacion en Colombia. |
| 942 |
_2ddc _cLIBRO |
||
| 949 |
_ac _bc |
||
| 999 |
_c17809 _d17809 |
||